00529nam a22001817a 450000500170000001000130001702000110003003500130004103700130005408200110006710000150007824500900009326000360018327000600021930000260027950000190030550500230032420180222101733.0 aB-689594 c280.00 aB-689594 bBSBadpl a351.16 aMuthuswamy aSwamy's compilation of conduct rules:cby Muthuswamybapproved as a reference books / aChennaibSwamy Publishersc2017 a236, R.K. Mutt Road, Post Box No.2468,bChennaie600028 axvi,239p. c22cm(pbk) aIncludes index aRashtrapati Bhawan